Maze Runner Characters - Statistics

General Stats
  • This quiz has been taken 97 times
  • The average score is 11 of 14
Answer Stats
Description Character % Correct
Main Character Thomas
99%
Second in Command Newt
96%
Leader of Glade Alby
95%
Only girl in the Glade Teresa
93%
Keeper of Runners Minho
92%
Greenbean before Thomas Chuck
90%
Creatures in the Maze Griever
83%
Keeper of Builders Gally
82%
Glade's Main Chef Frypan
77%
Med Jack #1 Jeff
74%
Med Jack #2 Clint
73%
Keeper of Butchers Winston
73%
Keeper of Track-Hoes Zart
70%
Creatures spying for WICKED Beetle Blade
37%
No matching quizzes found
Score Distribution
Percent of People with Each Score
Percentile by Number Answered
Your Score History
You have not taken this quiz